Marcel Gauchet, Un monde désenchanté ?, Paris, Éd. de l’Atelier/Éd. Ouvrières, 2004. 22 cm. 253 p. ISBN 2-7082-3704-7. € 24 (notice n° 2222529)
[ vue normale ]
| 000 -LEADER | |
|---|---|
| fixed length control field | 00594cam a2200145 4500500 |
| 005 - DATE AND TIME OF LATEST TRANSACTION | |
| control field | 20260426010550.0 |
| 041 ## - LANGUAGE CODE | |
| Language code of text/sound track or separate title | fre |
| 042 ## - AUTHENTICATION CODE | |
| Authentication code | dc |
| 100 10 - MAIN ENTRY--PERSONAL NAME | |
| Personal name | Muller, Marc |
| Relator term | author |
| 245 00 - TITLE STATEMENT | |
| Title | Marcel Gauchet, Un monde désenchanté ?, Paris, Éd. de l’Atelier/Éd. Ouvrières, 2004. 22 cm. 253 p. ISBN 2-7082-3704-7. € 24 |
| 260 ## - PUBLICATION, DISTRIBUTION, ETC. | |
| Date of publication, distribution, etc. | 2005.<br/> |
| 500 ## - GENERAL NOTE | |
| General note | 15 |
| 786 0# - DATA SOURCE ENTRY | |
| Note | Études théologiques et religieuses | 80 | 3 | 2005-09-01 | p. 431p-447p | 0014-2239 |
| 856 41 - ELECTRONIC LOCATION AND ACCESS | |
| Uniform Resource Identifier | <a href="https://shs.cairn.info/revue-etudes-theologiques-et-religieuses-2005-3-page-431p?lang=fr&redirect-ssocas=7080">https://shs.cairn.info/revue-etudes-theologiques-et-religieuses-2005-3-page-431p?lang=fr&redirect-ssocas=7080</a> |
Pas d'exemplaire disponible.




Réseaux sociaux